000 00460nam a22001817a 4500
003 MPLRDC
005 20220104123840.0
008 210129b ||||| |||| 00| 0 eng d
020 _a7-5306-0061-3
082 _a177.3 CAR-16
100 _aDALE CARNEGIE 原著
245 _a神奇的人性
_c宋德利译
250 _a一版一刷
260 _a
_b百花文艺出版社
_c1987
300 _b
650 _a应用心理学
942 _cBK
_o177.3 CAR-16
999 _c14679
_d14669